Music Quiz

Random Music or Song Quiz

Color Bands Quiz Stats

 Plays Quiz Updated Apr 25, 2018

Score 0/26 Timer 06:00
1 Play Today
Song Band % Correct
American IdiotGreen Day
93.7%
Another Brick in the Wall, Part IIPink Floyd
77.1%
Seven Nation ArmyThe White Stripes
74.8%
Under the BridgeRed Hot Chili Peppers
70.7%
Hey There DelilahPlain White-T's
70.1%
Iron ManBlack Sabbath
70.1%
She Will Be LovedMaroon 5
65.5%
(Don't Fear) The ReaperBlue Öyster Cult
65.3%
Let's Get It StartedThe Black Eyed Peas
63.4%
Smoke on the WaterDeep Purple
60.9%
Here I Go AgainWhitesnake
47.8%
Ocean AvenueYellowcard
47.1%
Breakfast at Tiffany'sDeep Blue Something
31.3%
Song Band % Correct
Run-AroundBlues Traveler
25.6%
She Talks to AngelsBlack Crowes
24.7%
Nights in White SatinMoody Blues
24.2%
More Human Than HumanWhite Zombie
17.9%
Holding Back the YearsSimply Red
17.4%
Once Bitten, Twice ShyGreat White
12.8%
When the Children CryWhite Lion
10%
Closer to FineIndigo Girls
9.6%
Pick Up The PiecesAverage White Band
7.4%
SupermanGoldfinger
6.4%
TomorrowSilverchair
5.6%
StillbornBlack Label Society
5.4%
SympathiquePink Martini
2%

You're not logged in!

Compare scores with friends on all Sporcle quizzes.
OR
Log In

Sporcle TV

Today on Sporcle TV


Watch our educational content, quiz creation guides, and fun videos on Sporcle TV.

Show Comments

Extras

Top Quizzes Today


Score Distribution

Your Account Isn't Verified!

In order to create a playlist on Sporcle, you need to verify the email address you used during registration. Go to your Sporcle Settings to finish the process.

Report this User

Report this user for behavior that violates our Community Guidelines.

Details: